000 01426nam0a2200349 4500
001 RU\NLR\bibl\1055166
005 20250615035152.0
010 _a5-699-19765-6
021 _aRU
_b2007-3659
_9184
035 _a(NLR Aleph) 001042462
090 _a827325
_c827325
100 _a20070306d2007 |||y0rusy50 ca
101 1 _arus
_ceng
102 _aRU
105 _aa |||||||||
200 1 _aУспешный бизнес-план
_eот стратегических целей к плану действий на один год
_eс примерами из практики реальных компаний
_fНортон Пейли
_g[пер. с англ. Э.В. Кондуковой]
210 _aМосква
_cЭксмо
_d2007
215 _a410, [1] с.
_cил.
_d24
225 1 _aБиблиотека эксперта
300 _aЗагл. и авт. ориг.: Successful business planning / Norton Paley
320 _aПредм. указ.: с. 408-411
454 0 _12001#$aSuccessful business planning$zeng
_1700#1$aPaley$bN.$gNorton$4070
_tSuccessful business planning
_aPaley, Norton
606 1 _aФирмы
_xБизнес-планы
_92145324
_3RU\NLR\auth\661292558
686 _aУ29(0)
686 _aУ23(0)24
700 1 _aПейли
_bН.
_gНортон
_4070
801 0 _aRU
_bNLR
_c20070306
_gRCR
801 1 _aRU
_bNLR
_c20070306
942 _cBOOK
980 _aNB